书目信息 |
| 题名: |
土壤物理学
|
|
| 作者: | 邵明安 王全九 黄明斌 编著 | |
| 分册: | ||
| 出版信息: | 北京 高等教育出版社 |
|
| 页数: | 320页 | |
| 开本: | 20cm | |
| 丛书名: | ||
| 单 册: | ||
| 中图分类: | S152 | |
| 科图分类: | ||
| 主题词: | 土壤学 | |
| 电子资源: | ||
| ISBN: | 7-04-020489-4 | |
| 000 | 00636nam0 2200193 450 | |
| 001 | 2259924864 | |
| 005 | 20221010164031.11 | |
| 010 | @a7-04-020489-4@dCNY34.40 | |
| 100 | @a20221010d km y0chiy0120 ea | |
| 101 | 0 | @achi |
| 102 | @aCN@b110000 | |
| 200 | 1 | @a土壤物理学@ATu Rang Wu Li Xue@f邵明安 王全九 黄明斌 编著@FShao Ming An Wang Quan Jiu Huang Ming Bin Bian Zhu |
| 210 | @a北京@c高等教育出版社 | |
| 215 | @a320页@d20cm | |
| 606 | 0 | @a土壤学 |
| 690 | @aS152@v4 | |
| 701 | 0 | @a邵明安 王全九 黄明斌@AShao Ming An Wang Quan Jiu Huang Ming Bin@4编著 |
| 801 | 0 | @aCN@b大连网信软件有限公司图书馆·11@c20221010 |
| 905 | @aZUCC@dS152@eZY30 | |
| 土壤物理学/邵明安 王全九 黄明斌 编著.-北京:高等教育出版社 |
| 320页;20cm |
| ISBN 7-04-020489-4:CNY34.40 |
| ● |
| 相关链接 |
|
|
|
|
正题名:土壤物理学
索取号:S152/ZY30
 
预约/预借
| 序号 | 登录号 | 条形码 | 馆藏地/架位号 | 状态 | 备注 |
| 1 | 7905125 | 279051259 | 密集书库-资源管理系/ [索取号:S152/ZY30] | 在馆 |